00526 2200205 4500001002100000008004100021035002000062245007200082100002300154250000600177260004200183300001100225084001400236082000800250650001400258990001200272990001200284990001200296990001200308INLIS000000000000493 ind  a0010-0424000469 aSistem Kelistrikan Mesin Pada Sepeda MotorcArif Hidayatullah, S.Pd aHidayatullah, Arif a1 aKlaten :bSaka Mitra Kompetensic2011 a75 hlm a600 ARI s a600 aNon Fiksi a0721992 a0721993 a0721994 a0721995